000 00517nam a2200229Ia 4500
003 OSt
005 20220912153039.0
006 a|||||r|||| 00| 0
007 ta
008 220909b |||||||| |||| 00| 0 eng d
024 _a23731
037 _cTextual
040 _aCSL
_beng
_cCSL
041 _aeng
082 _aB44, M1.8
100 _aOpen University
245 0 _aTrees
260 _c1981
300 _ap.
_ccm.
942 _hB44, M1.8
_cTEXL
_2CC
999 _c97169
_d97169